000 00564nam a2200229Ia 4500
003 OSt
005 20220924134952.0
006 a|||||r|||| 00| 0
007 ta
008 220923b |||||||| |||| 00| 0 ben d
024 _a288016
037 _cTextual
040 _aARTS
_cARTS
_bben
041 _2ben
_aben
082 _aO157,3N303x, N1
100 _aSiraj
_9206330
245 0 _aKishore goenda amanibas
260 _c1991
650 _aENGLISH LITERATURE
942 _hO157,3N303x, N1
_cTEXL
_2CC
999 _c439256
_d439256